|
|
|
|
| LEADER |
00000nab a2200000 a 4500 |
| 001 |
vtls000108832 |
| 003 |
SK-MaSNL |
| 005 |
20260304052924.0 |
| 008 |
250422c1981 xo 0 slo |
| 015 |
|
|
|a SNBRB19rr/mm-uuuuu
|
| 035 |
|
|
|a CL0118935
|
| 035 |
|
|
|a (urnnbn)urn:nbn:sk:snk:ar-0042m2
|
| 035 |
|
|
|a (uuid)44005ffa-3403-438d-841c-63f365b93031
|
| 035 |
|
|
|a urn:nbn:sk:snk-ab7v8h
|
| 040 |
|
|
|a SNKBUCL
|b slo
|c SNKBUCL
|e AACR2
|
| 041 |
0 |
|
|a slo
|
| 044 |
|
|
|a xo
|c SK
|
| 080 |
|
|
|a 331.88(437)
|2 1981
|
| 100 |
1 |
|
|a Pleva, Ján,
|d 1928 23. júl-
|4 aut
|9 37963
|
| 245 |
1 |
0 |
|a Odborové hnutie na Slovensku v období rozvinutej socialistickej spoločnosti
|c Ján Pleva
|
| 300 |
|
|
|b Res. rus., franc., angl.
|
| 610 |
2 |
7 |
|a Revolučné odborové hnutie
|2 SNKKA
|9 36449
|
| 655 |
|
7 |
|a články z novín a časopisov
|2 snkbucl
|9 267496
|
| 773 |
0 |
|
|t Historický časopis
|g Roč. 29, č. 6 (1981), s. 785-803
|
| 850 |
|
|
|a Slovenská národná knižnica
|
| 852 |
|
|
|a Slovenská národná knižnica
|
| 954 |
|
|
|a odborná, vedecká literatúra pôvodná (slovenská)
|2 lita
|
| 958 |
|
|
|a article9
|
| 958 |
|
|
|a OND
|
| 958 |
|
|
|a RK
|
| 958 |
|
|
|a EUIPO
|
| 992 |
|
|
|a RBX
|
| 999 |
|
|
|c 2710721
|d 2712651
|